Become A Healthy Homemaker: (Record no. 191430)

MARC details
000 -LEADER
fixed length control field 00599nam a22001817a 4500
005 - DATE AND TIME OF LATEST TRANSACTION
control field 20230920163218.0
010 ## - LCCN (DPL NO)
LC control number ENG-134700
020 ## - INTERNATIONAL STANDARD BOOK NUMBER
International Standard Book Number 9789350578063
Terms of availability 195.00
035 ## - SYSTEM CONTROL NUMBER
System control number EN-118232
037 ## - SOURCE OF ACQUISITION
Source of stock number/acquisition DBAD/PUB
082 ## - DEWEY DECIMAL CLASSIFICATION NUMBER
Classification number 641.5
100 ## - MAIN ENTRY--PERSONAL NAME
Personal name Chatterjee, Rupa
245 ## - TITLE STATEMENT
Title Become A Healthy Homemaker:
Remainder of title A Health Management Guide for Housewives/
Statement of responsibility, etc By Rupa Chatterjee
260 ## - PUBLICATION, DISTRIBUTION, ETC. (IMPRINT)
Place of publication, distribution, etc New Delhi
Name of publisher, distributor, etc V & S Publishers
Date of publication, distribution, etc 2017
270 ## - ADDRESS
Address F-2/16, Ansari Road, Daryaganj
City New Delhi
Postal code 110002
Electronic mail address info@vspublishers.com
300 ## - PHYSICAL DESCRIPTION
Extent 84p.
Dimensions 24cm(pbk)
942 ## - ADDED ENTRY ELEMENTS (KOHA)
Source of classification or shelving scheme Dewey Decimal Classification
Item type English Books
Classification part 641.5
Call number suffix CHA
Holdings
Withdrawn status Lost status Not for loan Collection code Home library Current library Date acquired Source of acquisition Cost, normal purchase price Full call number Barcode Copy number Cost, replacement price Koha item type
      Non-fiction D.B.Act.Division Mobile Library 25/08/2022 DBAD/PUB 195.00 641.5 CHA EN-118232 1 195.00 English Books

© Delhi Public Library
Hit Counter
free hit counter